Constituição federal para concursos / (Record no. 1006)
[ view plain ]
| 000 -LÍDER | |
|---|---|
| Campo Fixo de Controle | 01074nam a2200253 a 4500 |
| 001 - NÚMERO DE CONTROLE | |
| Campo de Controle | 1006 |
| 003 - IDENTIFICAÇÃO DO NÚMERO DE CONTROLE | |
| Campo de Controle | BR-CuiBMT |
| 005 - DATA E HORA DA ÚLTIMA ATUALIZAÇÃO | |
| Campo de Controle | 20231205183053.0 |
| 008 - DADOS FIXOS | |
| Dados Fixos | 231125s2014 baba 000 0 por d |
| 020 ## - INTERNATIONAL STANDARD BOOK NUMBER | |
| Nº do ISBN | 978857761904 |
| 040 ## - AGÊNCIA CATALOGADORA | |
| Código da Agência Catalogadora | BR-CuiBMT |
| Agência que transcreveu o registro | BR-CuiBMT |
| 080 ## - Nº DA CLASSIFICAÇÃO DECIMAL UNIVERSAL | |
| Nº edição CDU | 2007 |
| Nº Class. CDU | 342.4 |
| 090 ## - NÚMERO DE CHAMADA | |
| Nº classificação | 342.4 |
| Cutter | C972c |
| Ano/Edição | 5. ed. |
| 100 1# - ENTRADA PRINCIPAL -- AUTOR PESSOAL | |
| Nome pessoal | Cunha Júnior, Dirley da |
| 245 10 - TÍTULO PRINCIPAL | |
| Título principal | Constituição federal para concursos / |
| Indicação de responsabilidade | Dirley da Cunha Júnior ; Marcelo Novelino ; Colaborador: Renato Medrado Bonelli. |
| 250 ## - EDIÇÃO | |
| Edição | 5. ed., rev., ampl. e atual. |
| 260 ## - PUBLICAÇÃO, DISTRIBUIÇÃO, ETC. | |
| Local de publicação | Salvador : |
| Editora | JusPodivm, |
| Data | 2014. |
| 300 ## - DESCRIÇÃO FÍSICA | |
| N. páginas ou volumes | 844 p. : |
| Ilustrações | il. color. ; |
| Dimensões | 25 cm |
| 500 ## - NOTAS GERAIS | |
| Notas gerais | Atualizada até Emenda Constitucional nº 76/2013. Súmula nº 502 do STJ. Súmula vinculante nº 32 do STF. Informativo n°531 do STJ. Informativo nº 726 do STF. Inclui as leis nºs 9.868/99, 9.882/99 e 12.562/2011, que regulamentam as ações de controle concentrado de constitucionalidade. |
| 504 ## - NOTA DE BIBLIOGRAFIA, ETC. | |
| Nota de bibliografia | Inclui bibliografia. |
| 650 ## - ASSUNTO TÓPICO | |
| Cabeçalho tópico ou nome geográfico | Constituição federal |
| 700 1# - ENTRADA SECUNDÁRIA -- NOME PESSOAL | |
| Nome pessoal | Novelino, Marcelo |
| Datas associadas ao nome | 1972- |
| 942 ## - ELEMENTOS DE ENTRADA ADICIONAIS (KOHA) | |
| Fonte de classificação ou esquema de arquivamento | Classificação Decimal Universal |
| Tipo de item do Koha | Livros |
| Estado: removido | Estado: perdido | Fonte de classificação ou esquema de arquivamento | Estado: danificado | Indisponível para empréstimo | Localização permanente | Localização atual | Data de aquisição | Total Checkouts | Total Renewals | Número de Chamada completo | Código de barras | Date due | Date last seen | Date last checked out | Número do exemplar | Preço efetivo a partir de | Tipo de item (Koha) |
|---|---|---|---|---|---|---|---|---|---|---|---|---|---|---|---|---|---|
| Classificação Decimal Universal | Biblioteca da Escola Superior de Contas do TCE/MT | Biblioteca da Escola Superior de Contas do TCE/MT | 25/11/2023 | 1 | 1 | 342.4 C972c 5. ed. | BIBTCEMT23111090 | 01/04/2024 | 18/03/2024 | 18/03/2024 | Ex. 1 | 25/11/2023 | Livros |